000 00430nam a2200157Ia 4500
008 210716s2011 xx 000 0 und d
020 _a9789380108957
041 _aeng
082 _a515.9 HAHL
100 _aHahn, Liang Shin; Epstein, Bernard.
245 _aClassical complex analysis.
250 _a1
260 _aNew Delhi
_bJones and Bartlett Publishers
_c2011
300 _axiii,411
650 _aComplex Analysis(515.93)
999 _c193538
_d193538